<?xml version="1.0" encoding="UTF-8"?>
<collection xmlns="http://www.loc.gov/MARC21/slim">
<record>
  <controlfield tag="001">2342</controlfield>
  <controlfield tag="005">20160701171704.0</controlfield>
  <datafield tag="037" ind1=" " ind2=" ">
    <subfield code="a">ASTROimport-499</subfield>
  </datafield>
  <datafield tag="100" ind1=" " ind2=" ">
    <subfield code="a">Baransky, A.</subfield>
  </datafield>
  <datafield tag="260" ind1=" " ind2=" ">
    <subfield code="c">2000</subfield>
  </datafield>
  <datafield tag="245" ind1=" " ind2=" ">
    <subfield code="a">Comet C/1999 S4 (LINEAR)</subfield>
  </datafield>
  <datafield tag="520" ind1=" " ind2=" ">
    <subfield code="a">Recent binocular magnitude estimates: June 28.94 UT, 8.5 (A. Baransky, Kiev, Ukraine, 12 x 80); 30.99, 8.3 (R. J. Bouma, Groningen, The Netherlands, 15 x 80); July 2.91, 7.7 (M. Reszelski, Szamotuly, Poland, 20 x 60); 5.06, 8.0 (S. Baroni, Milan, Italy, 40 x 80); 7.32, 8.0 (P. M. Raymundo, Salvador, Brazil, 11 x 80). T. Pauwels (Royal Observatory, Uccle, 0.85-m f/2.5 Schmidt + CCD) remarked on June 29.1 UT on tails of 14' in p.a. 267 deg, 8' in p.a. 249 deg and 4' in p.a. 270 deg. M. Jager (Vienna, 0.25-m Schmidt, pg) remarked on July 7.0 on a type II tail extending 25' in p.a. 267 deg and type I tails extending 50' in p.a. 275 and 278 deg). </subfield>
  </datafield>
  <datafield tag="700" ind1=" " ind2=" ">
    <subfield code="a"> Bouma, R. J.</subfield>
  </datafield>
  <datafield tag="700" ind1=" " ind2=" ">
    <subfield code="a"> Reszelski, M.</subfield>
  </datafield>
  <datafield tag="700" ind1=" " ind2=" ">
    <subfield code="a"> Baroni, S.</subfield>
  </datafield>
  <datafield tag="700" ind1=" " ind2=" ">
    <subfield code="a"> Raymundo, P. M.</subfield>
  </datafield>
  <datafield tag="700" ind1=" " ind2=" ">
    <subfield code="a"> Pauwels, T.</subfield>
  </datafield>
  <datafield tag="700" ind1=" " ind2=" ">
    <subfield code="a"> Jager, M.</subfield>
  </datafield>
  <datafield tag="773" ind1=" " ind2=" ">
    <subfield code="p">International Astronomical Union Circular</subfield>
    <subfield code="v">7449</subfield>
    <subfield code="y">2000</subfield>
    <subfield code="c">2</subfield>
  </datafield>
  <datafield tag="856" ind1="4" ind2="2">
    <subfield code="a">http://esoads.eso.org/abs/2000IAUC.7449....2B</subfield>
  </datafield>
  <datafield tag="905" ind1=" " ind2=" ">
    <subfield code="a">published in</subfield>
  </datafield>
  <datafield tag="980" ind1=" " ind2=" ">
    <subfield code="a">NONREF</subfield>
  </datafield>
</record>
</collection>